Elementary crystallography / (Record no. 13900)

MARC details
000 -LEADER
fixed length control field 00963nam a22002417a 4500
005 - DATE AND TIME OF LATEST TRANSACTION
control field 2008062301111.0
010 ## - LCCN (DPL NO)
LC control number ENG-90390
020 ## - INTERNATIONAL STANDARD BOOK NUMBER
Terms of availability 250.00
International Standard Book Number 8180940330
035 ## - SYSTEM CONTROL NUMBER
System control number EN-73923
035 ## - SYSTEM CONTROL NUMBER
System control number G-001288
037 ## - SOURCE OF ACQUISITION
Source of stock number/acquisition DBAD / PUB
082 ## - DEWEY DECIMAL CLASSIFICATION NUMBER
Classification number 548
100 ## - MAIN ENTRY--PERSONAL NAME
Personal name Velmurugan, D.
245 ## - TITLE STATEMENT
Title Elementary crystallography /
Statement of responsibility, etc by D. Velmurugan
260 ## - PUBLICATION, DISTRIBUTION, ETC. (IMPRINT)
Place of publication, distribution, etc Chennai
Name of publisher, distributor, etc MJP Publishers
Date of publication, distribution, etc 2008
260 ## - PUBLICATION, DISTRIBUTION, ETC. (IMPRINT)
Place of publication, distribution, etc
Name of publisher, distributor, etc
270 ## - ADDRESS
Address 47, Nallathambi Street Triplicane,
City Chennai
Postal code 600005
300 ## - PHYSICAL DESCRIPTION
Extent xvii, 305p.:
Dimensions 23 cm (pbk)
Other physical details ill.
500 ## - GENERAL NOTE
General note Includes glossary, references and index
942 ## - ADDED ENTRY ELEMENTS (KOHA)
Item type English Books
Classification part 548
Source of classification or shelving scheme Dewey Decimal Classification
Call number suffix VEL
Holdings
Withdrawn status Lost status Not for loan Collection code Home library Current library Date acquired Source of acquisition Cost, normal purchase price Full call number Barcode Copy number Cost, replacement price Koha item type
    Not For Loan Non-fiction D.B.Act.Division D.B.Act.Division 23/06/2008 DBAD / PUB 250.00 548 VEL EN-73923 1 250.00 English Books
      Non-fiction Janak Puri Janak Puri 05/09/2011 bppd/gift 250.00 548 VEL G-001288 1 250.00 English Books

© Delhi Public Library
Hit Counter
free hit counter